| 000 | 01754nam0a2200325 4500 | ||
|---|---|---|---|
| 001 | RU\NLR\bibl\939909 | ||
| 005 | 20260607054140.0 | ||
| 010 |
_a5-8064-0984-8 _9300 |
||
| 021 |
_aRU _b2006-17284 _9859 |
||
| 035 | _a(NLR Aleph) 000928094 | ||
| 090 |
_a142375 _c142375 |
||
| 100 | _a20060427d2005 |||y0rusy50 ca | ||
| 101 | 0 | _arus | |
| 102 | _aRU | ||
| 105 | _ay ||||||||| | ||
| 200 | 1 |
_aПрокурорско-надзорное право _eкурс лекций _eучебное пособие для студентов высших учебных заведений, обучающихся по направлению 540400 (050400) - Социально-экономическое образование _fЛ.Н. Никитин, В.И. Рохлин, Е.Л. Никитин _gРос. гос. пед. ун-т им. А.И. Герцена |
|
| 210 |
_aСанкт-Петербург _cИзд-во РГПУ _d2005 |
||
| 215 |
_a242 с. _d20 |
||
| 225 | 1 | _aКурс лекций | |
| 320 | _aБиблиогр. в подстроч. примеч. | ||
| 606 | 1 |
_aПрокурорский надзор _jУчебные издания для высших учебных заведений _yРоссийская Федерация _92082635 _3RU\NLR\auth\661258662 |
|
| 686 | _aХ629.1я73 | ||
| 700 | 1 |
_4070 _7ca _8rus _aНикитин _bЛ. Н. _cюрист _gЛев Николаевич _921818 _3RU\NLR\auth\7738834 |
|
| 701 | 1 |
_aРохлин _bВ. И. _gВиктор Иванович _4070 |
|
| 701 | 1 |
_4070 _7ca _8rus _aНикитин _bЕ. Л. _cюрист _gЕвгений Львович _927796 _3RU\NLR\auth\7744856 |
|
| 801 | 0 |
_aRU _bNLR _c20060427 _grcr |
|
| 801 | 1 |
_aRU _bNLR _c20060427 |
|
| 942 | _cBOOK | ||
| 980 | _aNB | ||